书目信息 |
| 书名: | Readings for American government | |
| 作者: | [edited by] Theodore J. Lowi ... [et al.]. | |
| 分册号: | ||
| 分册名: | 出版地: | New York : |
|
| 出版社: | W.W. Norton | |
| 出版时间: | c2000. | |
| 页数: | x, 490 p. ; | |
| 开本: | 24 cm. | |
| 丛书名: | ||
| 中图分类号: | ||
| 科图分类号: | ||
| 其他分类号: | D77 | |
| 主题词: | ||
| 电子资源: | ||
| 000 | 01065cam a2200289 a 450 | |
| 001 | E0755553297 | |
| 005 | 20070323153033.29 | |
| 008 | 000207s2000 nyu b 000 0 eng | |
| 010 | @a00022045 | |
| 020 | @a0393976033 (pbk.). | |
| 040 | @aDLC@cDLC@dDLC | |
| 043 | @an-us--- | |
| 050 | 00 | @aJK21@b.R35 2000 |
| 082 | 00 | @a320.973@2 21 |
| 090 | @aD77 | |
| 099 | @dD77@ex36=6 | |
| 245 | 00 | @aReadings for American government :@bfreedom and power / @c[edited by] Theodore J. Lowi ... [et al.]. |
| 250 | @a6th ed. | |
| 260 | @aNew York :@bW.W. Norton,@cc2000. | |
| 300 | @ax, 490 p. ;@c24 cm. | |
| 504 | @aIncludes bibliographical references. | |
| 651 | 0 | @aUnited States@xPolitics and government. |
| 700 | 1 | @aLowi, Theodore J.@tAmerican government. |
| 700 | 1 | @aLowi, Theodore J. |
| 906 | @a7@bcbc@corignew@d1@eocip@f20@gy-gencatlg | |
| 925 | 0 | @aacquire@b1 shelf copy@xpolicy default |
| 955 | @ato SSCD pc01 02-07-00; sf10 02-10-00; sf11 02-15-00; sf04; to Dewey 02-15-00; aa19 02-15-2000; CIP ver. sd21 08-25-00; sd00 08-30-00; sd06 08-30-00 to BCCD | |
| Readings for American government : : freedom and power / / [edited by] Theodore J. Lowi ... [et al.].-6th ed.-New York : : W.W. Norton, , c2000. |
| x, 490 p. ; ; 24 cm. |
| Includes bibliographical references. |
| ISBN 0393976033 (pbk.). |
| ● |
| 相关链接 |
|
|
|
|
正题名:Readings for American government
索取号:D77/x36=6
 
预约/预借
| 序号 | 登录号 | 条形码 | 馆藏地/架位号 | 状态 | 备注 |
| 1 | 0003571 | 300035717 | 第二样本阅览室/ [索取号:D77/x36=6] | 在馆 | |
| 2 | 0003572 | 300035726 | 第四借阅区/ [索取号:D77/x36=6] | 在馆 | |
| 3 | 0003573 | 300035735 | 第四借阅区/ [索取号:D77/x36=6] | 在馆 |